[Event "Titled Tuesday intern op 02nd Apr Late"]
[Site "Chess.com INT"]
[Date "2024.04.02"]
[Round "4"]
[White "Deng, Henry"]
[Black "Munoz, Francisco Javier"]
[Result "1-0"]
[WhiteElo "2305"]
[BlackElo "2389"]
[PlyCount "155"]
[EventDate "2024.04.02"]
[EventType "swiss (blitz)"]
[EventRounds "11"]
[EventCountry "USA"]
[SourceTitle "CB15_2024"]
[SourceDate "2024.04.10"]
[SourceVersion "1"]
[SourceVersionDate "2024.04.10"]
[SourceQuality "1"]

1. e4 e5 2. Nf3 Nc6 3. Bc4 Bc5 4. Nc3 Nf6 5. d3 d6 6. Na4 Bb6 7. a3 h6 8. h3 0-0 9. 0-0 Re8 10. c3 Be6 11. Bxe6 Rxe6 12. Re1 d5 13. exd5 Qxd5 14. c4 Qd6 15. b4 Bd4 16. Nxd4 exd4 17. Rxe6 fxe6 18. Nc5 b6 19. Nb3 a5 20. b5 Ne7 21. a4 Nf5 22. Ba3 Qf4 23. Qd2 Qxd2 24. Nxd2 e5 25. Re1 Re8 26. c5 Nh5 27. cxb6 cxb6 28. g4 Nf4 29. gxf5 Nxd3 30. Rd1 Nf4 31. Nc4 e4 32. Bd6 Ne2+ 33. Kf1 Nc3 34. Rxd4 Nxa4 35. Bf4 Nc3 36. Nxb6 Rf8 37. Nd7 Nxb5 38. Rd5 Nc3 39. Rxa5 Rd8 40. Nc5 Rd1+ 41. Kg2 Rd5 42. Ra8+ Kf7 43. Be3 Rxf5 44. Ra7+ Kg6 45. Ne6 Rf7 46. Rxf7 Kxf7 47. Nxg7 Nd5 48. Nf5 h5 49. Ng3 Kg6 50. Nxe4 Kf5 51. Ng3+ Kg6 52. h4 Nf6 53. Bd4 Ng4 54. f3 Nh6 55. Kf2 Nf7 56. Ke3 Nd6 57. f4 Nc4+ 58. Ke4 Nd2+ 59. Ke5 Nf3+ 60. Kd5 Nxh4 61. Ke6 Nf3 62. f5+ Kg5 63. Be3+ Kg4 64. f6 Kxg3 65. f7 h4 66. f8Q h3 67. Qf4+ Kg2 68. Qg4+ Kh2 69. Bf4+ Kh1 70. Qxh3+ Kg1 71. Qg3+ Kf1 72. Qxf3+ Ke1 73. Qe3+ Kf1 74. Bg3 Kg2 75. Kf5 Kh3 76. Kf4 Kg2 77. Qf2+ Kh3 78. Qh2# 1-0

[Event "Titled Tuesday intern op 02nd Apr Late"]
[Site "Chess.com INT"]
[Date "2024.04.02"]
[Round "2"]
[White "Korol, Dimitry"]
[Black "Munoz, Francisco Javier"]
[Result "0-1"]
[WhiteElo "2287"]
[BlackElo "2389"]
[PlyCount "84"]
[EventDate "2024.04.02"]
[EventType "swiss (blitz)"]
[EventRounds "11"]
[EventCountry "USA"]
[SourceTitle "CB15_2024"]
[SourceDate "2024.04.10"]
[SourceVersion "1"]
[SourceVersionDate "2024.04.10"]
[SourceQuality "1"]

1. d4 d5 2. c4 e6 3. Nc3 Nf6 4. Bg5 Nbd7 5. cxd5 exd5 6. e3 c6 7. Bd3 h6 8. Bh4 Be7 9. Qc2 Nh5 10. Bxe7 Qxe7 11. Nge2 Nhf6 12. 0-0 0-0 13. Rae1 Re8 14. Ng3 Nb6 15. f3 c5 16. Qf2 Be6 17. dxc5 Qxc5 18. Nge2 Nc4 19. Nd4 a6 20. Bxc4 dxc4 21. Nxe6 Rxe6 22. e4 Qxf2+ 23. Kxf2 b5 24. a3 Rb8 25. Re2 Nd7 26. Rd1 Nc5 27. Rd5 Nd3+ 28. Ke3 g5 29. Rd2 Kg7 30. Ne2 Reb6 31. Nd4 b4 32. Nf5+ Kh7 33. axb4 Rxb4 34. Rd6 Rxb2 35. Rxh6+ Kg8 36. Rxb2 Rxb2 37. Rxa6 Rxg2 38. Kd4 Nb2 39. Rb6 Rxh2 40. Ke5 c3 41. Rc6 c2 42. Kf6 Nd3 0-1

[Event "Titled Tuesday intern op 16th Jan Early"]
[Site "Chess.com INT"]
[Date "2024.01.16"]
[Round "3"]
[White "Munoz, Francisco Javier"]
[Black "Tari, Aryan"]
[Result "0-1"]
[WhiteElo "2389"]
[BlackElo "2623"]
[PlyCount "32"]
[EventDate "2024.01.16"]
[EventType "swiss (blitz)"]
[EventRounds "11"]
[EventCountry "USA"]
[SourceTitle "CB04_2024"]
[SourceDate "2023.10.16"]
[SourceVersion "1"]
[SourceVersionDate "2023.10.16"]
[SourceQuality "1"]

1. e4 a6 2. d4 e6 3. Nc3 d5 4. exd5 exd5 5. Bf4 Nf6 6. Qd3 Bd6 7. Bxd6 Qxd6 8. 0-0-0 0-0 9. Nge2 b5 10. f3 Nbd7 11. g4 Nb6 12. Ng3 Nc4 13. Kb1 Qb4 14. b3 Qa3 15. Na4 bxa4 16. bxc4 Rb8+ 0-1

[Event "Titled Tuesday intern op 25th Apr Late"]
[Site "Chess.com INT"]
[Date "2023.04.25"]
[Round "6"]
[White "Munoz, Francisco Javier"]
[Black "Ghazarian, Kirk Vagho"]
[Result "0-1"]
[WhiteElo "2389"]
[BlackElo "2475"]
[PlyCount "88"]
[EventDate "2023.04.25"]
[EventType "swiss (blitz)"]
[EventRounds "11"]
[EventCountry "USA"]
[SourceTitle "EXT 2024"]
[Source "ChessBase"]
[SourceDate "2023.10.10"]
[SourceVersion "1"]
[SourceVersionDate "2023.10.10"]
[SourceQuality "1"]

1. e4 c5 2. Nf3 d6 3. Bb5+ Bd7 4. Bxd7+ Nxd7 5. c4 g6 6. Nc3 Bg7 7. 0-0 Ngf6 8. d4 cxd4 9. Nxd4 0-0 10. b3 Nc5 11. Re1 Ne6 12. Nxe6 fxe6 13. Bb2 Nd7 14. Qd2 Rc8 15. Nb5 Bxb2 16. Qxb2 a6 17. Nd4 Rf6 18. Rad1 Qb6 19. Kh1 e5 20. Nf3 Rxc4 21. Qd2 Rc6 22. Qd5+ Kg7 23. Re3 Nc5 24. h4 Ne6 25. g3 Rc2 26. Rd2 Rxd2 27. Qxd2 Nc5 28. Kg2 Qc6 29. Qe2 h6 30. Nd2 Rf8 31. Rf3 Rxf3 32. Qxf3 Ne6 33. h5 g5 34. Qf5 Nf8 35. Nc4 e6 36. Qf3 b5 37. Ne3 Nd7 38. Qg4 Kf7 39. Qf3+ Kg7 40. Qg4 Nc5 41. f3 Kf7 42. Kh3 Nd3 43. Kg2 Qc1 44. Nf1 Qc2+ 0-1

[Event "Titled Tuesday intern op 18th Apr Early"]
[Site "Chess.com INT"]
[Date "2023.04.18"]
[Round "1"]
[White "Kiseljova, Marya"]
[Black "Munoz, Francisco Javier"]
[Result "0-1"]
[WhiteElo "2031"]
[BlackElo "2389"]
[PlyCount "86"]
[EventDate "2023.04.18"]
[EventType "swiss (blitz)"]
[EventRounds "11"]
[EventCountry "USA"]
[SourceTitle "EXT 2024"]
[Source "ChessBase"]
[SourceDate "2023.10.10"]
[SourceVersion "1"]
[SourceVersionDate "2023.10.10"]
[SourceQuality "1"]

1. d4 d5 2. c4 e6 3. Nf3 Nf6 4. g3 c6 5. Bg2 Ne4 6. 0-0 f5 7. Nc3 Bd6 8. Bf4 Bxf4 9. gxf4 0-0 10. Ne5 Nd7 11. e3 Nxe5 12. dxe5 Bd7 13. Nxe4 fxe4 14. cxd5 exd5 15. Qh5 Kh8 16. Kh1 Qc8 17. Rg1 Bg4 18. Qh4 Qf5 19. Qg3 Rae8 20. h3 Bh5 21. Kh2 g5 22. Bf1 h6 23. h4 Rg8 24. Bh3 g4 25. Bf1 Bf7 26. Be2 h5 27. b4 Rc8 28. Rac1 Rgd8 29. Rgd1 b6 30. Ba6 Rc7 31. a4 c5 32. bxc5 bxc5 33. Qg1 Be6 34. Qf1 Rg8 35. Kg3 d4 36. exd4 Rf8 37. d5 Qxf4+ 38. Kg2 e3 39. fxe3 Qe4+ 40. Kg3 Rxf1 41. Rxf1 Qxe5+ 42. Kg2 Bxd5+ 43. Kg1 Qg3# 0-1

[Event "Titled Tuesday intern op 21st Mar Late"]
[Site "Chess.com INT"]
[Date "2023.03.21"]
[Round "10"]
[White "Matinian, Nikita"]
[Black "Munoz, Francisco Javier"]
[Result "1-0"]
[WhiteElo "2407"]
[BlackElo "2389"]
[PlyCount "67"]
[EventDate "2023.03.21"]
[EventType "swiss (blitz)"]
[EventRounds "11"]
[EventCountry "USA"]
[SourceTitle "EXT 2024"]
[Source "ChessBase"]
[SourceDate "2023.10.10"]
[SourceVersion "1"]
[SourceVersionDate "2023.10.10"]
[SourceQuality "1"]

1. e4 e5 2. Nf3 Nc6 3. Bb5 a6 4. Ba4 Nge7 5. Nc3 d6 6. Bb3 Ng6 7. h4 h5 8. Ng5 Nd4 9. Bxf7+ Ke7 10. Nd5+ Kd7 11. Bxg6 c6 12. Ne3 Kc7 13. c3 Nb5 14. a4 Na7 15. d4 exd4 16. cxd4 Qf6 17. Bf5 Bxf5 18. exf5 Re8 19. 0-0 d5 20. Bd2 Bd6 21. Rc1 Kb8 22. Bc3 g6 23. Qf3 Rhf8 24. g3 Qg7 25. Rfe1 Qd7 26. f6 Nc8 27. f7 Re7 28. Ng2 Bc7 29. Nf4 Qf5 30. Rxe7 Nxe7 31. Re1 Qf6 32. Rxe7 Qxe7 33. Nxg6 Qd6 34. Nxf8 1-0

[Event "Titled Tuesday intern op 21st Mar Late"]
[Site "Chess.com INT"]
[Date "2023.03.21"]
[Round "11"]
[White "Munoz, Francisco Javier"]
[Black "Toktomushev, Teimur"]
[Result "0-1"]
[WhiteElo "2389"]
[BlackElo "2255"]
[PlyCount "48"]
[EventDate "2023.03.21"]
[EventType "swiss (blitz)"]
[EventRounds "11"]
[EventCountry "USA"]
[SourceTitle "EXT 2024"]
[Source "ChessBase"]
[SourceDate "2023.10.10"]
[SourceVersion "1"]
[SourceVersionDate "2023.10.10"]
[SourceQuality "1"]

1. e4 c5 2. Nc3 e6 3. f4 Nc6 4. Nf3 d5 5. Bb5 Nge7 6. d3 g6 7. 0-0 Bg7 8. Kh1 0-0 9. Bxc6 Nxc6 10. Qe1 Rb8 11. Ng5 h6 12. Nh3 b5 13. f5 exf5 14. Nxd5 Be6 15. Nhf4 Bxd5 16. Nxd5 Nd4 17. Qf2 fxe4 18. dxe4 f5 19. Bf4 fxe4 20. Qg3 Rb7 21. Nc3 Rbf7 22. Nxe4 g5 23. Nxg5 hxg5 24. Qxg5 Qxg5 0-1

[Event "Titled Tuesday intern op 17th Jan Late"]
[Site "Chess.com INT"]
[Date "2023.01.17"]
[Round "4"]
[White "Munoz, Francisco Javier"]
[Black "Timmermans, Mark"]
[Result "0-1"]
[WhiteElo "2389"]
[BlackElo "2392"]
[PlyCount "118"]
[EventDate "2023.01.17"]
[EventType "swiss (blitz)"]
[EventRounds "11"]
[EventCountry "USA"]
[SourceTitle "CBM 212 Extra"]
[Source "ChessBase"]
[SourceDate "2023.03.31"]
[SourceVersion "1"]
[SourceVersionDate "2023.03.31"]
[SourceQuality "1"]

1. e4 e5 2. Nc3 Nf6 3. f4 d5 4. fxe5 Nxe4 5. Nf3 Bg4 6. d4 Bb4 7. Bd2 Bxf3 8. Qxf3 Nxd2 9. Kxd2 Nc6 10. Bb5 0-0 11. Bxc6 bxc6 12. Rad1 Ba5 13. Kc1 Rb8 14. b3 Qe7 15. Kb1 Bb4 16. h4 f6 17. exf6 Rxf6 18. Qd3 Re6 19. Na4 a5 20. h5 h6 21. g3 Re3 22. Qg6 Qd6 23. Rhf1 Qxg6 24. hxg6 Rxg3 25. Rf7 Bd6 26. Rd7 Rxg6 27. Nc5 h5 28. Rh1 Bxc5 29. dxc5 Rh6 30. Rg1 Kh8 31. Rxc7 h4 32. Rcxg7 h3 33. R7g3 h2 34. Rh1 Rg8 35. Rxg8+ Kxg8 36. Kc1 Kf7 37. Kd2 Ke6 38. Ke2 d4 39. Kf3 Kd5 40. Kg2 Kxc5 41. a3 a4 42. bxa4 Kb6 43. Kf3 Ka5 44. Ke4 Rh4+ 45. Kd3 Kxa4 46. c3 dxc3 47. Kxc3 Kb5 48. Kb3 Rh3+ 49. Kc2 Ka4 50. Kb2 c5 51. Ka2 c4 52. Kb2 Kb5 53. Kc2 Rxa3 54. Kb2 Rh3 55. Kc2 Kc5 56. Kd2 c3+ 57. Kc2 Kc4 58. Kb1 Kb3 59. Kc1 Rg3 0-1

[Event "Titled Tuesday intern op 04th Oct Late"]
[Site "Chess.com INT"]
[Date "2022.10.04"]
[Round "4"]
[White "Ankerst, Mihael"]
[Black "Munoz, Francisco Javier"]
[Result "1-0"]
[WhiteElo "2370"]
[BlackElo "2389"]
[PlyCount "81"]
[EventDate "2022.10.04"]
[EventType "swiss (blitz)"]
[EventRounds "11"]
[EventCountry "USA"]
[SourceTitle "EXT 2023"]
[Source "ChessBase"]
[SourceDate "2022.10.05"]
[SourceVersion "1"]
[SourceVersionDate "2022.10.05"]
[SourceQuality "1"]

1. e4 e5 2. Nf3 Nc6 3. Nc3 g6 4. d4 exd4 5. Nd5 Bg7 6. Bg5 f6 7. Bf4 d6 8. Nxd4 Nge7 9. Bc4 Ne5 10. Bb3 Nxd5 11. Bxd5 c6 12. Bb3 c5 13. Ne6 Bxe6 14. Bxe6 Qe7 15. Bd5 0-0-0 16. 0-0 h5 17. a3 h4 18. b4 h3 19. g3 f5 20. Rb1 b6 21. Re1 fxe4 22. Bxe4 d5 23. Bxd5 Rhf8 24. bxc5 Qxc5 25. Bxe5 Rxd5 26. Qg4+ Kb7 27. Bf4 g5 28. Be3 Qc6 29. Qxh3 Rdf5 30. Qg2 Rf3 31. a4 R8f7 32. a5 b5 33. a6+ Kxa6 34. c4 bxc4 35. Re2 Qa4 36. Bxg5 c3 37. Be3 c2 38. Rc1 Kb7 39. Rexc2 a6 40. Rb1+ Ka8 41. Rc8# 1-0